Republican heyday : (Record no. 45684)
[ view plain ]
| 000 -LEADER | |
|---|---|
| fixed length control field | 00792cam a2200253 a 4500 |
| 001 - CONTROL NUMBER | |
| control field | 45684 |
| 003 - CONTROL NUMBER IDENTIFIER | |
| rucl marc code | BD-RjUL |
| 005 - DATE AND TIME OF LATEST TRANSACTION | |
| control field | 20211209054043.0 |
| 008 - FIXED-LENGTH DATA ELEMENTS--GENERAL INFORMATION | |
| fixed length control field | 160727s1962 miu b 000 0 eng |
| 035 ## - SYSTEM CONTROL NUMBER | |
| System control number | (OCoLC)ocm00710828 |
| System control number | (BD-RjUL)45802 |
| System control number | (NNC)2716792 |
| 040 ## - CATALOGING SOURCE | |
| Original cataloging agency | DLC |
| Transcribing agency | DLC |
| Modifying agency | ZCU |
| -- | BD-RjUL |
| Language of cataloging | eng |
| 041 ## - LANGUAGE CODE | |
| Language code of text/sound track or separate title | eng |
| 082 ## - DEWEY DECIMAL CLASSIFICATION NUMBER | |
| Classification number | 320.973 |
| Edition number | 23 |
| Author mark and year | STR 1962 |
| 100 1# - MAIN ENTRY--PERSONAL NAME | |
| Personal name | Stern, Clarence A. |
| Fuller form of name | (Clarence Ames) |
| 9 (RLIN) | 139803 |
| 245 10 - TITLE STATEMENT | |
| Title | Republican heyday : |
| Remainder of title | Republicanism through the McKinley years / |
| Statement of responsibility, etc. | Clarence A. Stern |
| 260 ## - PUBLICATION, DISTRIBUTION, ETC. (IMPRINT) | |
| Place of publication, distribution, etc. | Michigan : |
| Date of publication, distribution, etc. | c1962 |
| Name of publisher, distributor, etc. | Edward Brothers Inc, |
| 300 ## - PHYSICAL DESCRIPTION | |
| Pagination | 97 p. ; |
| Size | 22 cm. |
| 610 20 - SUBJECT ADDED ENTRY--CORPORATE NAME | |
| Corporate name or jurisdiction name as entry element | Republican Party (U.S. : 1854- ) |
| 650 ## - SUBJECT ADDED ENTRY--TOPICAL TERM | |
| Topical term or geographic name as entry element | Politics and government |
| Geographic subdivision | United States |
| 9 (RLIN) | 125393 |
| 942 ## - ADDED ENTRY ELEMENTS (KOHA) | |
| Source of classification or shelving scheme | Dewey Decimal Classification |
| Koha item type | Books |
| Lost status | Source of classification or shelving scheme | Damaged status | Not for loan | Collection code | Permanent Location | Current Location | Shelving location | Date acquired | Coded location qualifier | Total Checkouts | Full call number | Date last seen | Copy number | Koha item type |
|---|---|---|---|---|---|---|---|---|---|---|---|---|---|---|
| Dewey Decimal Classification | Non-fiction | Central Library, University of Rajshahi | Central Library, University of Rajshahi | 31/12/1969 | Stern c. A | 320.973 STR 1962 | 27/07/2016 | C-2 | Books |